000 00406cam a2200169 4500
001 D12359
008 090401t1944 xxu||||| |||| 00| 0 eng d
035 _a(Sirsi) u2869
041 _aeng
100 _aCave, J. Otway
245 4 _aThe practice of an auctioneer, valuer and estate agent
260 _bEstates Gazette
_c1944
350 _a0
520 _aShelf 114
942 _n0
948 _c04/03/1997
999 _c85823
_d85823